Lilo & Stitch (Record no. 16400)

MARC details
000 -LEADER
fixed length control field 01792ngm a2200349 4500
003 - CONTROL NUMBER IDENTIFIER
control field dpl
005 - DATE AND TIME OF LATEST TRANSACTION
control field 20080723110517.0
007 - PHYSICAL DESCRIPTION FIXED FIELD--GENERAL INFORMATION
fixed length control field DVD
008 - FIXED-LENGTH DATA ELEMENTS--GENERAL INFORMATION
fixed length control field ||||||sp199 xxu|||||c|||| 00| 0 eng d
010 ## - LIBRARY OF CONGRESS CONTROL NUMBER
LC control number DVD-000841-843
024 ## - OTHER STANDARD IDENTIFIER
Standard number or code A1039
Terms of availability 499.00
035 ## - SYSTEM CONTROL NUMBER
System control number DVD-000841-843
040 ## - CATALOGING SOURCE
Original cataloging agency DPL
Transcribing agency DPL
082 ## - DEWEY DECIMAL CLASSIFICATION NUMBER
Classification number DVD / LILO
245 ## - TITLE STATEMENT
Title Lilo & Stitch
Statement of responsibility, etc Walt Disney Home Entertainment
Medium [videorecording] DVD/
246 ## - VARYING FORM OF TITLE
Title proper/short title .
260 ## - PUBLICATION, DISTRIBUTION, ETC. (IMPRINT)
Name of publisher, distributor, etc Walt Disney Home Entertainment
300 ## - PHYSICAL DESCRIPTION
Extent 1 videodisc DVD; (85 min.) :
Other physical details sd., col. ;
Dimensions 4 3/4 in.
Type of unit DVD
440 ## - SERIES STATEMENT/ADDED ENTRY--TITLE
Title Walt Disney Home Entertainment
500 ## - GENERAL NOTE
General note Sole Distributor in India M/s. Excel Productions Autio Visuals Pvt. Ltd.
500 ## - GENERAL NOTE
General note Special Features: "Create an alien Experiment" Game, The Look Of Lilo & Smith<br/>a
500 ## - GENERAL NOTE
General note "Once Upon A Time" Begin with you and Disney Princes
500 ## - GENERAL NOTE
General note This DVD is Copy Protected
538 ## - SYSTEM DETAILS NOTE
System details note Dolby Digital 5.1 -English, Mandarin, Cantonese Subtitles: English, MandarinBahasa,
538 ## - SYSTEM DETAILS NOTE
System details note Aspect Ratio: 1.66:1, Presentation type: Wide Screen, Presentation Size 16x9, Format DVD 9 Dual Layer Single Sided Disc.
650 ## - SUBJECT ADDED ENTRY--TOPICAL TERM
Topical term or geographic name as entry element Animated Movie
942 ## - ADDED ENTRY ELEMENTS (KOHA)
Koha item type CD-ROMs, DVDs, VHS
Source of classification or shelving scheme Dewey Decimal Classification
Classification part DVD
Call number suffix LILO
Holdings
Withdrawn status Lost status Source of classification or shelving scheme Damaged status Not for loan Home library Current library Date acquired Source of acquisition Cost, normal purchase price Total Checkouts Full call number Barcode Date last seen Date checked out Copy number Cost, replacement price Price effective from Koha item type Total Renewals
    Dewey Decimal Classification     Central Library Central Library 08/10/2008 Purchase 499.00 1 DVD LILO DVD-000841 25/07/2009 22/07/2009 1 499.00 08/10/2008 CD-ROMs, DVDs, VHS  
    Dewey Decimal Classification     Patel Nagar Patel Nagar 08/10/2008 Purchase 499.00 14 DVD LILO DVD-000843 02/07/2013 10/07/2012 1   08/10/2008 CD-ROMs, DVDs, VHS 1
    Dewey Decimal Classification     Sarojini Nagar Sarojini Nagar 08/10/2008 Purchase 499.00 10 DVD LILO DVD-000842 03/01/2014 27/11/2013 1 499.00 08/10/2008 CD-ROMs, DVDs, VHS  

© Delhi Public Library
Hit Counter
free hit counter